[Event "Chicago Masters"]
[Site "Chicago"]
[Date "1992.??.??"]
[Round "?"]
[White "Ivanov, Igor V"]
[Black "Olesen, Martin"]
[Result "1-0"]
[WhiteElo "2465"]
[BlackElo "2380"]
[PlyCount "81"]
[GameId "1166637250600960"]
[EventDate "1992.??.??"]
[EventType "swiss"]
[EventRounds "9"]
[EventCountry "USA"]
[SourceTitle "EXT 2000"]
[Source "ChessBase"]
[SourceDate "1999.11.18"]
[SourceVersion "1"]
[SourceVersionDate "1999.11.18"]
[SourceQuality "1"]

1. Nf3 Nf6 2. c4 c5 3. d4 cxd4 4. Nxd4 b6 5. Nc3 Bb7 6. f3 a6 7. e4 d6 8. a4 e6 9. a5 Nbd7 10. axb6 Qxb6 11. Be3 Qc7 12. Be2 Be7 13. O-O O-O 14. Qd2 Rfe8 15. Rfc1 Rac8 16. b4 Qb8 17. Rab1 Bd8 18. Na4 Bc7 19. b5 Qa8 20. b6 Bd8 21. Nb3 Bc6 22. Na5 Rb8 23. Qa2 Bxe4 24. fxe4 Qxe4 25. Bf2 Ne5 26. c5 Nd5 27. Bf1 Nf4 28. Re1 Nh3+ 29. Kh1 Nxf2+ 30. Qxf2 Qxa4 31. Ra1 Ng4 32. Qd2 Bg5 33. Qxg5 Qd4 34. h3 Nf2+ 35. Kh2 Ne4 36. Qf4 d5 37. Nc6 Qxc5 38. Nxb8 e5 39. Nd7 Qd6 40. Rxe4 dxe4 41. Qg4 1-0

[Event "Philadelphia opI"]
[Site "Philadelphia"]
[Date "1992.??.??"]
[Round "1"]
[White "Ivanov, Igor V"]
[Black "Hoyos Millan, Luis Bernardo"]
[Result "1-0"]
[WhiteElo "2465"]
[BlackElo "2215"]
[PlyCount "45"]
[GameId "1166637373472768"]
[EventDate "1992.??.??"]
[EventType "swiss"]
[EventRounds "9"]
[EventCountry "USA"]
[SourceTitle "EXT 2003"]
[Source "ChessBase"]
[SourceDate "2002.11.25"]
[SourceVersion "1"]
[SourceVersionDate "2002.11.25"]
[SourceQuality "1"]

1. d4 Nf6 2. c4 g6 3. Nc3 Bg7 4. e4 d6 5. Be2 O-O 6. Be3 c5 7. e5 Nfd7 8. exd6 exd6 9. Nf3 Nc6 10. O-O a6 11. Qd2 Re8 12. Rad1 cxd4 13. Nxd4 Nde5 14. h3 Nxd4 15. Bxd4 Be6 16. f4 Bh6 17. b3 Nc6 18. Bf2 Qa5 19. Bf3 Qf5 20. Be3 Bg7 21. Ne4 Rad8 22. g4 Qa5 23. Qxa5 1-0

[Event "US Open-93"]
[Site "Dearborn"]
[Date "1992.??.??"]
[Round "2"]
[White "Ivanov, Igor V"]
[Black "Haskins, Marcos"]
[Result "1-0"]
[WhiteElo "2510"]
[BlackElo "2220"]
[PlyCount "33"]
[GameId "1166637432553472"]
[EventDate "1992.08.02"]
[EventType "swiss"]
[EventRounds "12"]
[EventCountry "USA"]
[SourceTitle "EXT 1997"]
[Source "ChessBase"]
[SourceDate "1996.11.15"]
[SourceVersion "1"]
[SourceVersionDate "1996.11.15"]
[SourceQuality "1"]

1. e4 e6 2. d4 d5 3. Nc3 Nf6 4. e5 Nfd7 5. f4 c5 6. Nf3 Nc6 7. Be3 a6 8. Ne2 b5 9. c3 c4 10. g4 Qc7 11. f5 Bb7 12. Nf4 O-O-O 13. fxe6 Ndxe5 14. dxe5 Nxe5 15. Nxe5 Qxe5 16. Qd4 Qc7 17. g5 1-0

[Event "Chicago int op"]
[Site "Chicago"]
[Date "1993.??.??"]
[Round "?"]
[White "Chow, Albert"]
[Black "Ivanov, Igor V"]
[Result "1-0"]
[WhiteElo "2270"]
[BlackElo "2530"]
[PlyCount "55"]
[GameId "1166637680058368"]
[EventDate "1993.??.??"]
[EventType "swiss"]
[EventRounds "10"]
[EventCountry "USA"]
[SourceTitle "EXT 2004"]
[Source "ChessBase"]
[SourceDate "2003.11.25"]
[SourceVersion "1"]
[SourceVersionDate "2003.11.25"]
[SourceQuality "1"]

1. e4 c5 2. Nf3 e6 3. d4 cxd4 4. Nxd4 Nc6 5. Nb5 d6 6. c4 Nf6 7. N1c3 a6 8. Na3 Be7 9. Be2 O-O 10. O-O Bd7 11. Be3 b6 12. f4 Rb8 13. Rc1 Re8 14. Bf3 Bf8 15. Kh1 h6 16. Qd2 Na5 17. b4 d5 18. bxa5 dxe4 19. Nxe4 Nxe4 20. Bxe4 Bxa3 21. Rcd1 Re7 22. axb6 Qc8 23. Qa5 Qxc4 24. Qxa3 Qxe4 25. Qxe7 Bc6 26. Rf3 Qc2 27. Rd8+ Kh7 28. Rg3 1-0

[Event "Chicago int op"]
[Site "Chicago"]
[Date "1993.??.??"]
[Round "?"]
[White "Lindsay, Fred"]
[Black "Ivanov, Igor V"]
[Result "0-1"]
[WhiteElo "2305"]
[BlackElo "2530"]
[PlyCount "54"]
[GameId "1166637680107520"]
[EventDate "1993.??.??"]
[EventType "swiss"]
[EventRounds "10"]
[EventCountry "USA"]
[SourceTitle "EXT 2004"]
[Source "ChessBase"]
[SourceDate "2003.11.25"]
[SourceVersion "1"]
[SourceVersionDate "2003.11.25"]
[SourceQuality "1"]

1. d4 Nf6 2. c4 e6 3. Nf3 b6 4. Nc3 Bb4 5. Qb3 c5 6. a3 Ba5 7. Bd2 O-O 8. e3 cxd4 9. Nxd4 Bb7 10. Qc2 Bxc3 11. Bxc3 d5 12. cxd5 Nxd5 13. Bd2 Qf6 14. Rc1 Nd7 15. Bb5 Rac8 16. Qd1 Nf4 17. Bxd7 Nxg2+ 18. Ke2 Qf3+ 19. Kf1 Nxe3+ 20. Bxe3 Rxc1 21. Qxc1 Qxh1+ 22. Ke2 Qxh2 23. Nc6 Ba6+ 24. Kd1 Qh5+ 25. Kc2 Qf5+ 26. Kd1 Qg4+ 27. Kc2 Qc4+ 0-1

[Event "American op 29th"]
[Site "Long Beach"]
[Date "1993.??.??"]
[Round "3"]
[White "Larsen, Kenneth"]
[Black "Ivanov, Igor V"]
[Result "1/2-1/2"]
[WhiteElo "2360"]
[BlackElo "2505"]
[PlyCount "81"]
[GameId "1609644197130240"]
[EventDate "1993.11.25"]
[EventType "swiss"]
[EventRounds "8"]
[EventCountry "USA"]
[SourceTitle "EXT 2024"]
[Source "ChessBase"]
[SourceDate "2023.10.10"]
[SourceVersion "1"]
[SourceVersionDate "2023.10.10"]
[SourceQuality "1"]

1. d4 g6 2. c4 Bg7 3. Nf3 c5 4. Nc3 cxd4 5. Nxd4 Nc6 6. Nc2 Bxc3+ 7. bxc3 Nf6 8. f3 Qa5 9. e4 d6 10. Be2 Be6 11. O-O Rc8 12. Rb1 b6 13. Bh6 Nd7 14. Nd4 Nxd4 15. cxd4 Bxc4 16. Bxc4 Rxc4 17. Qb3 b5 18. Qxb5 Qxb5 19. Rxb5 Nb6 20. Ra5 Rc7 21. Rc1 Rb7 22. d5 Kd7 23. Be3 Rc8 24. Rxc8 Nxc8 25. Bd4 e6 26. g4 exd5 27. exd5 Kc7 28. Kf2 Kb8 29. Kg3 Rb4 30. Be3 Kb7 31. Ra3 Rb5 32. Rd3 Ra5 33. Rb3+ Kc7 34. Rc3+ Kd7 35. Rb3 Rxa2 36. Rb7+ Ke8 37. Rb8 Kd8 38. Rb7 Ra3 39. Bd4 Ke8 40. Rb8 Kd8 41. Rb7 1/2-1/2

[Event "American op 29th"]
[Site "Long Beach"]
[Date "1993.??.??"]
[Round "4"]
[White "Ivanov, Igor V"]
[Black "Lobo, Richard"]
[Result "1-0"]
[WhiteElo "2505"]
[BlackElo "2290"]
[PlyCount "81"]
[GameId "1609644197298176"]
[EventDate "1993.11.25"]
[EventType "swiss"]
[EventRounds "8"]
[EventCountry "USA"]
[SourceTitle "EXT 2024"]
[Source "ChessBase"]
[SourceDate "2023.10.10"]
[SourceVersion "1"]
[SourceVersionDate "2023.10.10"]
[SourceQuality "1"]

1. Nf3 Nf6 2. c4 e6 3. d4 b6 4. a3 Bb7 5. Nc3 d5 6. Bg5 Be7 7. e3 O-O 8. Bxf6 Bxf6 9. cxd5 exd5 10. Qb3 Re8 11. Rd1 c6 12. Bd3 Nd7 13. O-O Nf8 14. Bb1 Ne6 15. Ne5 c5 16. f4 cxd4 17. exd4 Rc8 18. Rf2 Be7 19. Ba2 Nc7 20. Qc2 Rf8 21. Bb1 f5 22. g4 Ne8 23. Rg2 a6 24. gxf5 Nf6 25. Qb3 b5 26. Kh1 Re8 27. Nxb5 Bf8 28. Nc3 Ba8 29. Rdg1 Rb8 30. Qa4 Rb6 31. b4 Ne4 32. Bxe4 Rxe5 33. fxe5 dxe4 34. d5 e3 35. Qa5 Qb8 36. e6 g6 37. fxg6 h6 38. e7 Bxe7 39. Rf1 Rd6 40. Qc5 Qf8 41. Qxe3 1-0

[Event "American op 29th"]
[Site "Long Beach"]
[Date "1993.??.??"]
[Round "5"]
[White "Ardaman, Miles"]
[Black "Ivanov, Igor V"]
[Result "0-1"]
[WhiteElo "2380"]
[BlackElo "2505"]
[PlyCount "104"]
[GameId "1609644197457920"]
[EventDate "1993.11.25"]
[EventType "swiss"]
[EventRounds "8"]
[EventCountry "USA"]
[SourceTitle "EXT 2024"]
[Source "ChessBase"]
[SourceDate "2023.10.10"]
[SourceVersion "1"]
[SourceVersionDate "2023.10.10"]
[SourceQuality "1"]

1. e4 c5 2. Nc3 Nc6 3. g3 g6 4. Bg2 Bg7 5. d3 d6 6. Nge2 Rb8 7. a3 b5 8. Rb1 e6 9. O-O b4 10. axb4 cxb4 11. Na4 Nge7 12. Be3 O-O 13. Qd2 e5 14. b3 Bg4 15. h3 Bxe2 16. Qxe2 Qc7 17. Nb2 a5 18. Qd2 Rb5 19. Nc4 f5 20. f4 d5 21. exd5 Nxd5 22. Bxd5+ Rxd5 23. Qg2 Rb5 24. Rbe1 h6 25. h4 Qd7 26. Kh2 Kh7 27. h5 Rf6 28. Qh3 gxh5 29. Qxh5 Rg6 30. Re2 exf4 31. gxf4 Qf7 32. Qh3 Rg4 33. Nd6 Qf6 34. Nxb5 Rh4 35. Rf3 Ne5 36. Kg1 Rxh3 37. Rxh3 Qg6+ 38. Kf1 Qg4 39. Rhh2 Qf3+ 40. Bf2 Ng4 41. Rg2 Nxf2 42. Rxg7+ Kxg7 43. Nd4 Qd5 44. Ne6+ Kf6 45. Kxf2 Qxe6 46. Rxe6+ Kxe6 47. Kg3 Kd5 48. Kh4 Kd4 49. Kh5 Ke3 50. Kxh6 Kxf4 51. Kg6 Kg4 52. d4 Kf4 0-1

[Event "American op 29th"]
[Site "Long Beach"]
[Date "1993.??.??"]
[Round "6"]
[White "Ivanov, Igor V"]
[Black "Gurevich, Dmitry"]
[Result "1-0"]
[WhiteElo "2505"]
[BlackElo "2535"]
[PlyCount "57"]
[GameId "1609644197871616"]
[EventDate "1993.11.25"]
[EventType "swiss"]
[EventRounds "8"]
[EventCountry "USA"]
[SourceTitle "EXT 2024"]
[Source "ChessBase"]
[SourceDate "2023.10.10"]
[SourceVersion "1"]
[SourceVersionDate "2023.10.10"]
[SourceQuality "1"]

1. Nf3 d5 2. d4 Nf6 3. c4 c6 4. cxd5 cxd5 5. Nc3 Nc6 6. Bf4 a6 7. h3 Ne4 8. e3 Nxc3 9. bxc3 e6 10. Bd3 Bd6 11. O-O h6 12. Re1 O-O 13. Rb1 Qc7 14. Bxd6 Qxd6 15. e4 dxe4 16. Bxe4 Rd8 17. Re3 Rb8 18. Bc2 Na5 19. Ne5 f5 20. Rf3 b5 21. Qd3 Bb7 22. Rxf5 exf5 23. Qxf5 Qf6 24. Qh7+ Kf8 25. Nd7+ Rxd7 26. Qh8+ Ke7 27. Re1+ Kd6 28. Qxb8+ Kc6 29. a4 1-0

[Event "American op 29th"]
[Site "Long Beach"]
[Date "1993.??.??"]
[Round "8"]
[White "Van Wely, Loek"]
[Black "Ivanov, Igor V"]
[Result "1-0"]
[WhiteElo "2560"]
[BlackElo "2505"]
[PlyCount "40"]
[GameId "1609644198494208"]
[EventDate "1993.11.25"]
[EventType "swiss"]
[EventRounds "8"]
[EventCountry "USA"]
[SourceTitle "EXT 2024"]
[Source "ChessBase"]
[SourceDate "2023.10.10"]
[SourceVersion "1"]
[SourceVersionDate "2023.10.10"]
[SourceQuality "1"]

1. d4 g6 2. c4 Bg7 3. Nc3 c5 4. d5 Bxc3+ 5. bxc3 f5 6. h4 d6 7. h5 Qa5 8. Qc2 gxh5 9. Bg5 Nd7 10. e3 Ngf6 11. Bxf6 Nxf6 12. Bd3 Rg8 13. Kf1 b5 14. cxb5 c4 15. Bxc4 Bd7 16. Be2 Rc8 17. c4 Bxb5 18. Qxf5 Rxc4 19. Bxc4 Bxc4+ 20. Ne2 Qd2 1-0

[Event "Philadelphia Int 5th"]
[Site "Philadelphia"]
[Date "1994.??.??"]
[Round "1"]
[White "Popovych, Orest"]
[Black "Ivanov, Igor V"]
[Result "0-1"]
[WhiteElo "2245"]
[BlackElo "2480"]
[PlyCount "84"]
[GameId "1196608481042432"]
[EventDate "1994.06.24"]
[EventType "swiss"]
[EventRounds "9"]
[EventCountry "USA"]
[SourceTitle "EXT 2024"]
[Source "ChessBase"]
[SourceDate "2023.10.10"]
[SourceVersion "1"]
[SourceVersionDate "2023.10.10"]
[SourceQuality "1"]

1. e4 c5 2. Nf3 e6 3. d4 cxd4 4. Nxd4 Nf6 5. Nc3 Nc6 6. Ndb5 d6 7. Bf4 e5 8. Bg5 a6 9. Na3 Be6 10. Nc4 Rc8 11. Bxf6 gxf6 12. Ne3 Bh6 13. Ng4 Bg7 14. Bd3 Ne7 15. Qf3 Rg8 16. g3 Qb6 17. O-O Qxb2 18. Nd5 Bxd5 19. exd5 f5 20. Bxf5 Nxf5 21. Qxf5 Qxc2 22. Qh5 Qg6 23. Qh3 f5 24. Ne3 Rf8 25. Rac1 Kd7 26. Qh4 e4 27. Nc4 Bd4 28. Rfd1 Ba7 29. Qf4 Rc5 30. Ne3 h6 31. Rc4 Rxc4 32. Nxc4 b5 33. Rb1 Bc5 34. Qc1 Rc8 35. Qc2 f4 36. Kh1 Bxf2 37. Qxf2 e3 38. Nb6+ Kc7 39. Qb2 Qe4+ 40. Kg1 Kxb6 41. a4 Rc2 42. a5+ Kc5 {source: bulletin} 0-1

[Event "Philadelphia Int 5th"]
[Site "Philadelphia"]
[Date "1994.??.??"]
[Round "2"]
[White "Ivanov, Igor V"]
[Black "Young, Angelo"]
[Result "1-0"]
[WhiteElo "2480"]
[BlackElo "2280"]
[PlyCount "85"]
[GameId "1196608481095680"]
[EventDate "1994.06.24"]
[EventType "swiss"]
[EventRounds "9"]
[EventCountry "USA"]
[SourceTitle "EXT 2024"]
[Source "ChessBase"]
[SourceDate "2023.10.10"]
[SourceVersion "1"]
[SourceVersionDate "2023.10.10"]
[SourceQuality "1"]

1. d4 c5 2. d5 Nf6 3. Nc3 e5 4. e4 d6 5. Bb5+ Nbd7 6. f4 a6 7. Bxd7+ Bxd7 8. fxe5 dxe5 9. Nf3 Bd6 10. O-O h6 11. Nh4 Qe7 12. Qf3 O-O-O 13. Nf5 Bxf5 14. Qxf5+ Qd7 15. Be3 Qxf5 16. Rxf5 b5 17. Re1 Rd7 18. h3 Ne8 19. a4 Nc7 20. Ra1 Kb7 21. g4 f6 22. h4 Be7 23. Kg2 b4 24. Nb1 Ne8 25. Rf2 Nd6 26. Nd2 Rc7 27. Kf3 a5 28. c4 Kb6 29. b3 Bd8 30. Rh1 Rf7 31. Nf1 Rff8 32. Ng3 Be7 33. Nf5 Nxf5 34. exf5 Kc7 35. Ke4 Kd6 36. Rfh2 Rf7 37. g5 hxg5 38. hxg5 Rxh2 39. Rxh2 fxg5 40. Rh8 Bf6 41. Rc8 Rc7 42. Rxc7 Kxc7 43. Bxc5 {source: bulletin} 1-0

[Event "Philadelphia Int 5th"]
[Site "Philadelphia"]
[Date "1994.06.25"]
[Round "3"]
[White "Alexopoulos, Georgios"]
[Black "Ivanov, Igor V"]
[Result "1/2-1/2"]
[WhiteElo "2260"]
[BlackElo "2480"]
[PlyCount "98"]
[GameId "1196608481128448"]
[EventDate "1994.06.24"]
[EventType "swiss"]
[EventRounds "9"]
[EventCountry "USA"]
[SourceTitle "EXT 2004"]
[Source "ChessBase"]
[SourceDate "2003.11.25"]
[SourceVersion "1"]
[SourceVersionDate "2003.11.25"]
[SourceQuality "1"]

1. e4 c5 2. c3 g6 3. d4 cxd4 4. cxd4 d5 5. exd5 Nf6 6. Nc3 Nxd5 7. Qb3 Nxc3 8. Bc4 e6 9. bxc3 Be7 10. Bh6 Nc6 11. d5 exd5 12. Bxd5 Be6 13. Bxe6 fxe6 14. Qxb7 Qc8 15. Qxc8+ Rxc8 16. Be3 Bf6 17. Ne2 Rb8 18. O-O Rb2 19. Nd4 Nxd4 20. cxd4 Kd7 21. a4 Rc8 22. Rfd1 Kd6 23. g3 Rc4 24. a5 a6 25. Rab1 Rbb4 26. Kf1 Kd5 27. Ke2 h5 28. h4 Ke4 29. Rxb4 Rxb4 30. Rc1 Rb2+ 31. Kf1 Rb5 32. Rc6 Rxa5 33. Rxe6+ Kf5 34. Rc6 Rd5 35. Rxa6 Bxd4 36. Bxd4 Rxd4 37. Ke2 Rb4 38. Ra5+ Kf6 39. Ra6+ Kf5 40. Kf3 Rb3+ 41. Kg2 Rc3 42. Ra5+ Kf6 43. Rg5 Ra3 44. f4 Ra2+ 45. Kh3 Rf2 46. Ra5 Ke6 47. Ra6+ Kf5 48. Ra5+ Kf6 49. Ra6+ Kf5 {source: Mega 2008} 1/2-1/2

[Event "Philadelphia Int 5th"]
[Site "Philadelphia"]
[Date "1994.??.??"]
[Round "4"]
[White "Ivanov, Igor V"]
[Black "Formanek, Edward"]
[Result "1-0"]
[WhiteElo "2480"]
[BlackElo "2315"]
[PlyCount "78"]
[GameId "1196608481189888"]
[EventDate "1994.06.24"]
[EventType "swiss"]
[EventRounds "9"]
[EventCountry "USA"]
[SourceTitle "EXT 2024"]
[Source "ChessBase"]
[SourceDate "2023.10.10"]
[SourceVersion "1"]
[SourceVersionDate "2023.10.10"]
[SourceQuality "1"]

1. d4 d5 2. c4 c6 3. Nc3 e5 4. e3 exd4 5. exd4 Nf6 6. Nf3 Be7 7. cxd5 Nxd5 8. Bd3 Bg4 9. h3 Bh5 10. O-O O-O 11. Re1 Nd7 12. Nxd5 cxd5 13. Bf4 Nb6 14. b3 Bg6 15. Bxg6 hxg6 16. Rc1 Rc8 17. Qd2 Bd6 18. Be5 Rxc1 19. Rxc1 f6 20. Bxd6 Qxd6 21. Nh4 g5 22. Nf5 Qd7 23. g4 Rc8 24. Re1 Re8 25. Rxe8+ Qxe8 26. Qa5 Qe4 27. Qxa7 Qe1+ 28. Kg2 Qe4+ 29. Kh2 Qe2 30. Kg3 Qd3+ 31. Ne3 Qxd4 32. Qxb7 g6 33. Qc7 Qb4 34. Qd8+ Kg7 35. Nxd5 Nxd5 36. Qxd5 Qa3 37. Qd2 Qa8 38. Kh2 Qb8+ 39. Kg2 Qb7+ {source: bulletin} 1-0

[Event "Philadelphia Int 5th"]
[Site "Philadelphia"]
[Date "1994.??.??"]
[Round "5"]
[White "Ivanov, Igor V"]
[Black "Garcia, Gildardo"]
[Result "0-1"]
[WhiteElo "2480"]
[BlackElo "2525"]
[PlyCount "54"]
[GameId "1196608481243136"]
[EventDate "1994.06.24"]
[EventType "swiss"]
[EventRounds "9"]
[EventCountry "USA"]
[SourceTitle "EXT 2024"]
[Source "ChessBase"]
[SourceDate "2023.10.10"]
[SourceVersion "1"]
[SourceVersionDate "2023.10.10"]
[SourceQuality "1"]

1. d4 d5 2. c4 e6 3. Nf3 Nf6 4. Bg5 Be7 5. e3 h6 6. Bh4 O-O 7. Nc3 b6 8. Bd3 dxc4 9. Bxc4 Bb7 10. O-O Nbd7 11. Qe2 Ne4 12. Bg3 Nxg3 13. hxg3 c5 14. Rfd1 Bxf3 15. gxf3 cxd4 16. exd4 Nf6 17. d5 exd5 18. Nxd5 Bc5 19. b4 Re8 20. Qb2 Bf8 21. Qb3 Rc8 22. Ba6 Rb8 23. Rac1 Nxd5 24. Rxd5 Qe7 25. Rf5 Qe6 26. Qc2 b5 27. Bxb5 Rec8 {source: bulletin} 0-1

[Event "Philadelphia Int 5th"]
[Site "Philadelphia"]
[Date "1994.??.??"]
[Round "6"]
[White "Paschall, William"]
[Black "Ivanov, Igor V"]
[Result "1/2-1/2"]
[WhiteElo "2230"]
[BlackElo "2480"]
[PlyCount "69"]
[GameId "1196608481333248"]
[EventDate "1994.06.24"]
[EventType "swiss"]
[EventRounds "9"]
[EventCountry "USA"]
[SourceTitle "EXT 2024"]
[Source "ChessBase"]
[SourceDate "2023.10.10"]
[SourceVersion "1"]
[SourceVersionDate "2023.10.10"]
[SourceQuality "1"]

1. d4 g6 2. c4 Bg7 3. e4 d6 4. Nc3 Nc6 5. Be3 Nf6 6. h3 e5 7. d5 Nd4 8. Nge2 c5 9. dxc6 Nxc6 10. g4 O-O 11. Bg2 Be6 12. b3 a6 13. Nd5 Nd7 14. Rc1 Rc8 15. Qd2 Bxd5 16. Qxd5 Nc5 17. O-O Ne6 18. Qd2 Ncd4 19. Nc3 Qa5 20. Kh1 Rfe8 21. Qb2 Qd8 22. Nd5 Qh4 23. Qd2 h5 24. f3 b5 25. Bf2 Qd8 26. cxb5 hxg4 27. Rxc8 Qxc8 28. fxg4 axb5 29. Bh4 Qb7 30. a4 bxa4 31. bxa4 Qa7 32. a5 Nf4 33. Nxf4 exf4 34. Qxf4 Re5 35. Qd2 {source: bulletin} 1/2-1/2

[Event "Philadelphia Int 5th"]
[Site "Philadelphia"]
[Date "1994.??.??"]
[Round "7"]
[White "Ivanov, Igor V"]
[Black "Martinovsky, Eugene"]
[Result "1-0"]
[WhiteElo "2480"]
[BlackElo "2325"]
[PlyCount "81"]
[GameId "1196608481349632"]
[EventDate "1994.06.24"]
[EventType "swiss"]
[EventRounds "9"]
[EventCountry "USA"]
[SourceTitle "EXT 2024"]
[Source "ChessBase"]
[SourceDate "2023.10.10"]
[SourceVersion "1"]
[SourceVersionDate "2023.10.10"]
[SourceQuality "1"]

1. c4 e5 2. Nc3 Nc6 3. g3 d6 4. Bg2 Be6 5. b4 Qd7 6. b5 Nd8 7. d3 g6 8. Nf3 f6 9. O-O Bg7 10. a4 Ne7 11. Ba3 O-O 12. Rc1 a6 13. e4 axb5 14. cxb5 b6 15. d4 Bh6 16. Ra1 Re8 17. Qc2 Nb7 18. Rfd1 Qc8 19. Na2 Na5 20. Nb4 Bf7 21. Rd3 g5 22. dxe5 dxe5 23. Rc3 Rd8 24. Bc1 Bf8 25. Be3 Qd7 26. Bf1 Nc8 27. Na6 Bd6 28. Rc1 Bg6 29. Nd2 Nb7 30. Nb4 Qe8 31. Nc6 Nc5 32. a5 Bf8 33. Nxd8 Qxd8 34. a6 h6 35. Bc4+ Kh8 36. Bd5 Ra7 37. Bxc5 Bxc5 38. Rxc5 bxc5 39. Qxc5 Qe7 40. Qxe7 Nxe7 41. Bb7 {source: bulletin} 1-0

[Event "Philadelphia Int 5th"]
[Site "Philadelphia"]
[Date "1994.??.??"]
[Round "8"]
[White "Petursson, Margeir"]
[Black "Ivanov, Igor V"]
[Result "1/2-1/2"]
[WhiteElo "2550"]
[BlackElo "2480"]
[PlyCount "75"]
[GameId "1196608481423360"]
[EventDate "1994.06.24"]
[EventType "swiss"]
[EventRounds "9"]
[EventCountry "USA"]
[SourceTitle "EXT 2024"]
[Source "ChessBase"]
[SourceDate "2023.10.10"]
[SourceVersion "1"]
[SourceVersionDate "2023.10.10"]
[SourceQuality "1"]

1. c4 Nf6 2. Nc3 e6 3. Nf3 d5 4. d4 Nbd7 5. Bg5 h6 6. Bh4 dxc4 7. e4 Bb4 8. Nd2 Nb6 9. a3 Be7 10. e5 Nfd5 11. Bxe7 Nxe7 12. Nxc4 Nf5 13. Nxb6 axb6 14. d5 exd5 15. Qxd5 c6 16. Qe4 Qd4 17. f4 O-O 18. Qxd4 Nxd4 19. Rd1 c5 20. Nb5 Bg4 21. Rd2 Nxb5 22. Bxb5 Rfd8 23. h3 Be6 24. Rf1 Rxd2 25. Kxd2 Rd8+ 26. Ke3 Rd4 27. Bd3 Bd5 28. Rf2 Kf8 29. g3 Bc6 30. Rc2 Rd8 31. h4 Ke7 32. Be2 f6 33. exf6+ Kxf6 34. Rd2 Re8+ 35. Kf2 b5 36. Rc2 c4 37. Rd2 Rc8 38. Rd6+ {source: bulletin} 1/2-1/2

[Event "Philadelphia Int 5th"]
[Site "Philadelphia"]
[Date "1994.??.??"]
[Round "9"]
[White "Ivanov, Igor V"]
[Black "Olesen, Martin"]
[Result "1-0"]
[WhiteElo "2480"]
[BlackElo "2340"]
[PlyCount "73"]
[GameId "1196608481447936"]
[EventDate "1994.06.24"]
[EventType "swiss"]
[EventRounds "9"]
[EventCountry "USA"]
[SourceTitle "EXT 2024"]
[Source "ChessBase"]
[SourceDate "2023.10.10"]
[SourceVersion "1"]
[SourceVersionDate "2023.10.10"]
[SourceQuality "1"]

1. d4 Nf6 2. c4 g6 3. Nc3 Bg7 4. e4 d6 5. Be2 O-O 6. Nf3 Nbd7 7. O-O e5 8. d5 Nc5 9. Qc2 a5 10. Bg5 h6 11. Be3 Nfd7 12. Nd2 f5 13. exf5 gxf5 14. f4 exf4 15. Bxf4 Ne5 16. Nb3 Nxb3 17. axb3 Bd7 18. Qd2 Qf6 19. h3 b6 20. Rf2 Ng6 21. Bxh6 Rae8 22. Raf1 Re7 23. Bg5 Qd4 24. Bh5 Qxd2 25. Rxd2 Bf6 26. Bxf6 Rxf6 27. Bxg6 Rxg6 28. Re2 Reg7 29. Rf3 Kf7 30. Kh2 Rg8 31. Ref2 Kf6 32. Nb5 Bxb5 33. Rxf5+ Ke7 34. cxb5 Rg3 35. Rf7+ Kd8 36. Rf8+ Kd7 37. R2f7# {source: bulletin} 1-0

[Event "USA"]
[Site "USA"]
[Date "1995.??.??"]
[Round "?"]
[White "Browne, Walter"]
[Black "Ivanov, Igor V"]
[Result "1-0"]
[WhiteElo "2560"]
[BlackElo "2475"]
[PlyCount "97"]
[GameId "1166639005278208"]
[EventDate "1995.??.??"]
[EventType "game"]
[EventRounds "9"]
[EventCountry "USA"]
[SourceTitle "EXT 2010"]
[Source "ChessBase"]
[SourceDate "2009.11.30"]
[SourceVersion "1"]
[SourceVersionDate "2009.11.30"]
[SourceQuality "1"]

1. d4 Nf6 2. c4 e6 3. Nf3 d5 4. Nc3 Be7 5. Bg5 O-O 6. e3 Nbd7 7. Qc2 c5 8. O-O-O dxc4 9. Bxc4 Qa5 10. d5 Nb6 11. d6 Bd8 12. Bxf6 Bxf6 13. Ne4 Bd7 14. Nxf6+ gxf6 15. h4 Nxc4 16. Qxc4 e5 17. h5 Kh8 18. Qh4 Qd8 19. Nd2 f5 20. Qg3 f6 21. Nf3 Rg8 22. Nxe5 Rxg3 23. Nf7+ Kg7 24. Nxd8 Rg4 25. Nxb7 Rb8 26. Na5 Ra4 27. Nb3 Rxa2 28. Kb1 Rxb2+ 29. Kxb2 c4 30. Ra1 Rxb3+ 31. Kc2 Kf7 32. Rxa7 Ke6 33. Rd1 h6 34. Rd4 Rb6 35. Kc3 Rb3+ 36. Kc2 Rb6 37. Rxc4 Rxd6 38. Rd4 Rc6+ 39. Kd2 Be8 40. Rh7 Bxh5 41. Rdd7 f4 42. e4 f5 43. Rhe7+ Kf6 44. e5+ Kg5 45. Rg7+ Kh4 46. Rd6 Rc5 47. g3+ fxg3 48. fxg3+ Kh3 49. Rxh6 1-0

[Event "New York op"]
[Site "Newark"]
[Date "1995.??.??"]
[Round "?"]
[White "Ivanov, Igor V"]
[Black "Van der Sterren, Paul"]
[Result "0-1"]
[WhiteElo "2475"]
[BlackElo "2560"]
[PlyCount "58"]
[GameId "1166639093342208"]
[EventDate "1995.04.12"]
[EventType "swiss"]
[EventRounds "9"]
[EventCountry "USA"]
[SourceTitle "EXT 2002"]
[Source "ChessBase"]
[SourceDate "2001.11.25"]
[SourceVersion "1"]
[SourceVersionDate "2001.11.25"]
[SourceQuality "1"]

1. d4 Nf6 2. c4 e6 3. Nc3 d5 4. Bg5 Be7 5. e3 O-O 6. Nf3 h6 7. Bh4 b6 8. Bd3 Bb7 9. O-O Nbd7 10. Qe2 c5 11. Rac1 Ne4 12. Bxe7 Qxe7 13. cxd5 Nxc3 14. Rxc3 Bxd5 15. Rfc1 Bxf3 16. Qxf3 cxd4 17. Qe4 g6 18. Qxd4 Nc5 19. Bc2 a5 20. h4 Rfd8 21. Qf4 h5 22. a3 e5 23. Qg3 e4 24. Rc4 Rd2 25. Qf4 Re8 26. Rd4 Ne6 27. Rxd2 Nxf4 28. exf4 Qxh4 29. g3 Qh3 0-1